Piaty pokus riešiť konflikt záujmov narazil na ZMOS
Hoci zákon o konflikte záujmov platí už osem rokov, jeho vplyv na konanie verejných činiteľov je mizivý. Príprava nového zákona. Problém deklarácie majetku štátnych funkcionárov. Problém samosprávy - otázka miery reštrikcie. Verejný činiteľ, ktorý poskytol pomoc nejakej firme, nemôže rok po skončení...
Saved in:
| Main Author: | |
|---|---|
| Format: | Book Chapter |
| Language: | Slovak |
| Subjects: | |
| Tags: |
No Tags, Be the first to tag this record!
|
MARC
| LEADER | 00000naa a2200000 4500 | ||
|---|---|---|---|
| 001 | r048825 | ||
| 005 | 20230921114539.7 | ||
| 041 | 0 | |a slo | |
| 044 | |a SK | ||
| 245 | 1 | 0 | |a Piaty pokus riešiť konflikt záujmov narazil na ZMOS |c Zuzana Fričová |
| 520 | |a Hoci zákon o konflikte záujmov platí už osem rokov, jeho vplyv na konanie verejných činiteľov je mizivý. Príprava nového zákona. Problém deklarácie majetku štátnych funkcionárov. Problém samosprávy - otázka miery reštrikcie. Verejný činiteľ, ktorý poskytol pomoc nejakej firme, nemôže rok po skončení svojej funkcie pôsobiť v riadiacich orgánoch tejto firmy. Sankcie. | ||
| 610 | 2 | 0 | |a konflikty |
| 610 | 2 | 0 | |a konflikt záujmov |
| 610 | 2 | 0 | |a správa verejná |
| 610 | 2 | 0 | |a pracovníci administratívni |
| 610 | 2 | 0 | |a podnikanie |
| 610 | 2 | 0 | |a záujmy ekonomické |
| 610 | 2 | 0 | |a samospráva |
| 610 | 2 | 0 | |a sankcie |
| 610 | 2 | 0 | |a zákony |
| 100 | 1 | |a Fričová, Zuzana | |